000 00961nam a22002897a 4500
001 BR0201641
003 BR-BrBNA
005 20230928101044.0
007 ta
008 230509b bl.||||| |||| 00| 0 por d
040 _aBR-BrBNA
_bpor
_cBiblioteca Nacional de Agricultura
041 _a(Por)
072 _aL53
_b8891
_b3580
090 _ 8891 BR0201641
100 1 _aCosta, D.S.
110 1 _aUniversidade Federal de Minas Gerais, Belo Horizonte (Brasil). Escola de veterinária
_0Tese (Doutor em Ciência Animal)
245 1 _aAnálise morfofuncional da espermatogênese e características seminais de catetos (Tayassu tajacu)
260 3 _aBelo Horizonte, MG (Brasil):
_c2001.
300 _a61 p.
500 _aSummaries (Eng, Por); Bibliography p. 51-61; 13 tables; 6 illus.
650 _aANIMAL SELVAGEM
650 _aSÊMEN
650 _aESPERMATOGENESE
650 _aPORCO SELVAGEM
909 _a202309
_bLucia
_c55
_dLucia Elande
942 _cBK
999 _c64057
_d64057